000 00444nam a2200181Ia 4500
001 11502
005 20260306162832.0
008 260306t1985||||xx |||||||||||||| ||spa||
041 _aESP
082 _a985.061
_bS21
100 _aSanz Zeballos, Luis Santiago
_eAUT
245 0 _aEl tratado de 1881 Guerra del Pacífico
260 _c1985
300 _a205 páginas :
_ccm.
650 _aGEN
654 _aCHU
942 _cLIB
_dJUS
_fJUS
_2ddc
_n
999 _c11502
_d11502